Normal view MARC view
  • MSCE - MS-Thesis.

Entry Topical Term

Number of records used in: 1

001 - CONTROL NUMBER

  • control field: 28930

003 - CONTROL NUMBER IDENTIFIER

  • control field: NUST

005 - DATE AND TIME OF LATEST TRANSACTION

  • control field: 20200311153236.0

008 - FIXED-LENGTH DATA ELEMENTS

  • fixed length control field: 200311|| aca||aabn | a|a d

040 ## - CATALOGING SOURCE

  • Original cataloging agency: NUST
  • Transcribing agency: NUST

150 ## - HEADING--TOPICAL TERM

  • Topical term or geographic name entry element: MSCE - MS-Thesis.

670 ## - SOURCE DATA FOUND

  • Source citation: Work cat.: (NUST): Mehmood, Tariq 15843, Synthesis of polymeric Membrenes of Oil water Separation /, 2015.
© 2023 Central Library, National University of Sciences and Technology. All Rights Reserved.